Sports Quiz

Random Sports or Soccer Quiz

BPL 2016-2017 Team Top Scorers (All Time) Quiz Stats

 Plays Quiz not verified by Sporcle

Challenge
Share
Tweet
Embed
Score 0/20 Timer 05:00
0 Plays Today
% Correct
Thierry Henry
84.8%
Frank Lampard
80%
Bobby Charlton
66.8%
Ian Rush
60%
Jimmy Greaves
36.4%
Dixie Dean
27.2%
Brett Pitman
21.6%
Luther Bilessett
17.6%
Ivor Allchurch
11.2%
Mick Channon
10.8%
% Correct
Tony Brown
10.8%
George Biel
7.2%
Chris Chilton
7.2%
Arthur Chandler
7.2%
George Camsell
7.2%
Vic Watson
6.8%
Eric Brook
6.4%
Bobby Gurney
6%
Peter Simpson
5.6%
John Ritchie
4.8%

You're not logged in!

Compare scores with friends on all Sporcle quizzes.
Join for Free
OR
Log In

Show Comments

Extras

Top Quizzes Today


Score Distribution

Your Account Isn't Verified!

In order to create a playlist on Sporcle, you need to verify the email address you used during registration. Go to your Sporcle Settings to finish the process.

Report this User

Report this user for behavior that violates our Community Guidelines.

Details: